| 000 | 00370nam a2200133Ia 4500 | ||
|---|---|---|---|
| 008 | 190216s9999||||xx |||||||||||||| ||und|| | ||
| 100 | _a"Kate I Debruyne, Leaner R Kirk And Lester D Beers" | ||
| 245 | 0 | _aSemi Micro Chemistry | |
| 250 | _a1st Ed. | ||
| 260 |
_bOxford And Ibh Publishing Co. Pvt Ltd _c1962 |
||
| 300 | _a282 | ||
| 650 | _aChemistry-Chemistry | ||
| 942 | _cBK | ||
| 999 |
_c1963 _d1963 |
||